[Event "ch-city  open-A"]
[Site "Warszawa"]
[Date "2011.05.15"]
[Round "9.8"]
[White "Sujkowski, Pawel"]
[Black "Sznapik, Aleksander"]
[Result "1/2-1/2"]
[WhiteElo "2000"]
[BlackElo "2422"]
[PlyCount "134"]
[EventDate "2011.05.07"]

1. d4 Nf6 2. c4 g6 3. Nc3 Bg7 4. e4 d6 5. Nge2 O-O 6. Ng3 e5 7. d5 c6 8. Be2
cxd5 9. cxd5 Nbd7 10. h4 h5 11. Be3 Nc5 12. b4 Na6 13. Qb3 Ng4 14. Bxg4 Bxg4
15. f3 Bd7 16. Nf1 b5 17. Nd2 Qc7 18. Rc1 Rfc8 19. Kf2 Qd8 20. g3 Nc7 21. a3
Ne8 22. Qb2 f5 23. Bg5 Bf6 24. Bxf6 Nxf6 25. Kg2 Qb6 26. Nb3 fxe4 27. Nxe4 Nxe4
28. fxe4 Rf8 29. Qd2 Rf6 30. Rhf1 Raf8 31. Rxf6 Rxf6 32. Re1 Bg4 33. Qe3 Rf3
34. Qxf3 Bxf3+ 35. Kxf3 Qc7 36. Re3 Kg7 37. Na5 Qc1 38. Kf2 g5 39. hxg5 Kg6 40.
Nc6 Kxg5 41. Ne7 a5 42. bxa5 Qd2+ 43. Kf3 Qxa5 44. Nf5 Qc7 45. Kg2 Qc2+ 46. Kf3
Qc5 47. Kg2 Qc2+ 48. Kf3 Qc5 49. Kg2 b4 50. axb4 Qxb4 51. Kf3 Qb6 52. Kg2 Qa6
53. Kf2 Kg4 54. Ke1 Qa1+ 55. Kf2 Qb2+ 56. Kf1 Qd2 57. Kg1 Kh3 58. Kf1 Qc1+ 59.
Kf2 Qc2+ 60. Re2 Qc5+ 61. Re3 Qc2+ 62. Re2 Qc5+ 63. Re3 Kg4 64. Nh6+ Kg5 65.
Nf5 Kg4 66. Nh6+ Kg5 67. Nf5 Kg4 1/2-1/2

[Event "ch-city  open-A"]
[Site "Warszawa"]
[Date "2011.05.15"]
[Round "9.9"]
[White "Nurkiewicz, Maciej"]
[Black "Gluszko, Monika"]
[Result "1-0"]
[WhiteElo "2417"]
[BlackElo "2040"]
[PlyCount "95"]
[EventDate "2011.05.07"]

1. e4 c5 2. Nf3 Nc6 3. d4 cxd4 4. Nxd4 Nf6 5. Nc3 d6 6. Bg5 e6 7. f3 Be7 8. Qd2
Nxd4 9. Qxd4 a6 10. O-O-O Qa5 11. Qa4+ Qxa4 12. Nxa4 b5 13. Nb6 Rb8 14. Nxc8
Rxc8 15. a4 bxa4 16. Bxa6 Rc5 17. Bd2 O-O 18. Bb4 Rc6 19. Be2 Rb8 20. Ba3 Nd7
21. Rd4 Bg5+ 22. Kb1 Bf6 23. Rxa4 Nc5 24. Rb4 Rxb4 25. Bxb4 Rb6 26. c3 Na4 27.
Kc2 g6 28. Rd1 Be5 29. g3 g5 30. Rf1 Kg7 31. f4 gxf4 32. gxf4 Bf6 33. e5 Be7
34. Rg1+ Kf8 35. exd6 Bxd6 36. Bxd6+ Rxd6 37. b4 Nb6 38. Rf1 Nd5 39. Kb3 Ne3
40. Rf3 Nf5 41. Rd3 Ke7 42. b5 Rd5 43. Kb4 Rxd3 44. Bxd3 Ne3 45. c4 h5 46. Ka5
h4 47. b6 Kd7 48. Ka6 1-0

[Event "ch-city  open-A"]
[Site "Warszawa"]
[Date "2011.05.15"]
[Round "9.10"]
[White "Grochulski, Grzegorz"]
[Black "Zurkowski, Andrzej"]
[Result "0-1"]
[WhiteElo "2057"]
[BlackElo "2106"]
[PlyCount "112"]
[EventDate "2011.05.07"]

1. e4 d5 2. exd5 Qxd5 3. Nf3 Nf6 4. d4 c6 5. Be2 e6 6. O-O Be7 7. c4 Qd8 8. Nc3
O-O 9. Be3 Nbd7 10. Rc1 Bd6 11. Qd2 e5 12. Rfd1 exd4 13. Nxd4 Bc7 14. b4 Qe7
15. b5 c5 16. Nb3 b6 17. Bf3 Rb8 18. Re1 Qe5 19. g3 Qf5 20. Bf4 Ne5 21. Be2 Bb7
22. Bxe5 Bxe5 23. f4 Rbd8 24. Qc2 Qxc2 25. Rxc2 Bd4+ 26. Kf1 Rfe8 27. Nd1 Rd6
28. Nxd4 Rxd4 29. Nf2 Re3 30. Rd1 Rxd1+ 31. Bxd1 Kf8 32. Be2 h5 33. Nd1 Re6 34.
Nf2 Rd6 35. Ke1 g6 36. Rd2 Re6 37. Rd3 Ne8 38. Kd2 Nd6 39. Re3 Rf6 40. Kc3 g5
41. Nh3 Ne4+ 42. Kc2 g4 43. Bd3 Nxg3 44. Rxg3 gxh3 45. Rxh3 Rxf4 46. Rxh5 Rf2+
47. Kc3 Rxa2 48. h4 Rh2 49. Rh6 Rh3 50. Kd2 Kg7 51. Rh7+ Kg8 52. Rh6 Bc8 53.
Kc2 Be6 54. Kd2 Kg7 55. Rh7+ Kf8 56. h5 Rxd3+ 0-1

[Event "ch-city  open-A"]
[Site "Warszawa"]
[Date "2011.05.15"]
[Round "9.12"]
[White "Piotrowski, Arkadiusz"]
[Black "Zaczek, Jonathon"]
[Result "1-0"]
[WhiteElo "1919"]
[BlackElo "2126"]
[PlyCount "47"]
[EventDate "2011.05.07"]

1. e4 c5 2. Bc4 e6 3. Nc3 Nc6 4. Nf3 d6 5. O-O Nf6 6. d4 cxd4 7. Nxd4 a6 8. Be3
Be7 9. f4 Qc7 10. Be2 O-O 11. g4 Nd7 12. f5 Nxd4 13. Bxd4 b5 14. Bf3 Bb7 15.
Qd2 Rac8 16. Rac1 Nb6 17. g5 Nc4 18. Qg2 e5 19. Bf2 Bd8 20. f6 g6 21. Qh3 h5
22. Bxh5 gxh5 23. Qxh5 Qd7 24. h3 1-0

[Event "ch-city  open-A"]
[Site "Warszawa"]
[Date "2011.05.16"]
[Round "9.13"]
[White "Sielicki, Tomasz"]
[Black "Kaliszewski, Tomasz"]
[Result "0-1"]
[WhiteElo "2026"]
[BlackElo "2056"]
[PlyCount "132"]
[EventDate "2011.05.07"]

1. d4 Nf6 2. Bg5 e6 3. e3 b6 4. Nd2 Bb7 5. Ngf3 c5 6. Bd3 h6 7. Bh4 Be7 8. Bxf6
Bxf6 9. Qe2 O-O 10. O-O-O d5 11. c3 Nc6 12. h4 e5 13. dxe5 Nxe5 14. Nxe5 Bxe5
15. Qh5 Re8 16. g4 d4 17. Rhg1 dxc3 18. Nc4 cxb2+ 19. Kb1 Qf6 20. f4 g6 21. g5
Qe6 22. gxh6 Bg7 23. Qe2 Be4 24. hxg7 Qxc4 25. Qc2 Bxd3 26. Qxd3 Qxd3+ 27. Rxd3
Rad8 28. Rxd8 Rxd8 29. Kxb2 Kxg7 30. h5 Kf6 31. hxg6 fxg6 32. Kc3 Rh8 33. Rg3
Rh2 34. a4 Ra2 35. Kb3 Ra1 36. Rh3 Re1 37. Kc4 Kf5 38. Kb5 Ra1 39. Rg3 Kf6 40.
Rg5 Rb1+ 41. Ka6 c4 42. Rd5 Ke6 43. Rd4 Rb4 44. Kxa7 Kf5 45. Kb7 Rxa4 46. Kxb6
Ra3 47. Rxc4 Rxe3 48. Kc5 Re4 49. Rc1 Kxf4 50. Kd5 Re3 51. Rc6 g5 52. Kd4 Re7
53. Rf6+ Kg3 54. Kd3 g4 55. Rg6 Kf3 56. Rf6+ Kg2 57. Kd2 g3 58. Rg6 Kf2 59.
Rf6+ Kg1 60. Rg6 g2 61. Rg8 Re5 62. Kd3 Kf2 63. Rf8+ Kg3 64. Rg8+ Kf3 65. Kd4
Re1 66. Rf8+ Ke2 0-1

[Event "ch-city  open-A"]
[Site "Warszawa"]
[Date "2011.05.15"]
[Round "9.15"]
[White "Eggink, Mateusz"]
[Black "Szymczak, Rafal"]
[Result "1/2-1/2"]
[WhiteElo "1973"]
[BlackElo "2102"]
[PlyCount "111"]
[EventDate "2011.05.07"]

1. e4 c6 2. c4 d5 3. cxd5 cxd5 4. exd5 Qxd5 5. Nc3 Qd8 6. Bc4 e6 7. Nf3 Nf6 8.
d4 a6 9. O-O b5 10. Bb3 Bb7 11. Re1 Be7 12. Bf4 O-O 13. Qd3 Nc6 14. a3 Qb6 15.
Bc2 Rad8 16. Rad1 g6 17. Bb3 Na5 18. Ba2 Nc4 19. Re2 Nd5 20. Bh6 Nxc3 21. Qxc3
Rfe8 22. Bxc4 bxc4 23. Ne5 Bf6 24. Red2 Bd5 25. Nxc4 Qc6 26. Ne3 Qxc3 27. bxc3
Rc8 28. Rc1 Bc4 29. Bf4 Be7 30. a4 a5 31. Rb1 g5 32. Bg3 f5 33. Be5 f4 34. Nd1
Bd5 35. Rb5 Ra8 36. Nb2 Rec8 37. Rc2 Ba3 38. c4 Bxb2 39. Rbxb2 Bxc4 40. h4 gxh4
41. Rb7 Bd3 42. Rcc7 Rxc7 43. Rxc7 Rd8 44. Rc5 Rd5 45. Rxd5 exd5 46. Bxf4 Bc2
47. Bd2 Bxa4 48. Bxa5 Bd7 49. Kh2 Kf7 50. Bd8 h3 51. gxh3 Kg6 52. Kg3 Kf5 53.
Bc7 Be8 54. Be5 Bh5 55. f4 Bd1 56. Kf2 1/2-1/2